| 000 | nam a22 7a 4500 | ||
|---|---|---|---|
| 999 |
_c150740 _d150738 |
||
| 005 | 20190828123325.0 | ||
| 008 | 190828b py ||||| |||| 00| 0 spa d | ||
| 050 | 0 | 4 |
_aJL3229.C6 _bA58 2003 |
| 245 | 0 | 0 | _aAnticorrupción, transparencia y reforma del Estado |
| 250 | _a1a ed. | ||
| 260 |
_aAsunción, Paraguay : _bInstituto de Estudios Comparados en Ciencias Penales y Sociales, _c2003. |
||
| 300 |
_a256 p. : _bil. ; _c22 cm. |
||
| 500 | _aTítulo tomado de la cubierta. | ||
| 650 | 7 |
_2lemb _aCorrupción política _zParaguay |
|
| 651 | 4 |
_aParaguay _xPolítica y gobierno |
|
| 710 | 2 | _aInstituto de Estudios Comparados en Ciencias Penales y Sociales (Paraguay) | |
| 942 |
_2lcc _cLIB |
||